Methods in climatology.

Bibliographic Details
Main Author: Conrad, Victor, 1876-
Other Authors: Pollak, Leo Wenzel, 1888-
Format: Book
Language:English
Published: Cambridge : Harvard University Press, 1950.
Edition:2d ed., rev. and enl.,
Subjects:

MARC

Tag First Indicator Second Indicator Subfields
LEADER 00000cam a2200000 4500
001 in00000045686
005 20151007075217.0
008 751222s1950 maua b 00010 eng
010 |a  50008223  
035 |a (OCoLC)01900601 
035 |9 AAF2826AM 
040 |a DLC  |c FQG  |d TXA  |d UtOrBLW 
049 |a TXAM  |c [181388]  |c [455462] 
050 0 |a QC981  |b .C714 1950 
082 0 |a 551.5018 
092 |a 551.5  |b C754m2 
100 1 |a Conrad, Victor,  |d 1876- 
245 1 0 |a Methods in climatology. 
250 |a 2d ed., rev. and enl.,  |b incl. some methods in general geophysics [by] V. Conrad and L. W. Pollak. 
264 1 |a Cambridge :  |b Harvard University Press,  |c 1950. 
300 |a xxvii, 459 pages :  |b illustrations ;  |c 25 cm. 
336 |a text  |b txt  |2 rdacontent 
337 |a unmediated  |b n  |2 rdamedia 
338 |a volume  |b nc  |2 rdacarrier 
504 |a Bibliographical footnotes. 
650 0 |a Climatology. 
700 1 |a Pollak, Leo Wenzel,  |d 1888- 
999 |a MARS 
999 f f |s e0f6ba29-f4be-3281-8a7c-828138a5403f  |i 0952a1ff-4cab-3f58-86da-633258193a19  |t 0 
952 f f |p ric  |a Texas A&M University  |b Rellis Campus  |c Joint Library Facility  |s JLF  |d Remote Storage  |t 0  |e QC981 .C714 1950  |h Library of Congress classification  |i unmediated -- volume  |m A14816936363 
998 f f |a QC981 .C714 1950  |t 0  |l Remote Storage